| 000 | 00822nam a2200265 i 4500 | ||
|---|---|---|---|
| 001 | bg | ||
| 100 | 1 | _aCISZEWSKI, Jan | |
| 245 | 1 | 0 |
_aKonwencja z Lugano : _bkomentarz / _cJan Ciszewski. |
| 250 | _aStan prawny wrzesień 2001 r. | ||
| 260 |
_aWarszawa : _bC. H. Beck, _c2001. |
||
| 300 |
_a300 s. : _b20 cm. |
||
| 490 | 1 | _aKrótkie Komentarze Becka | |
| 650 | 9 |
_aUmowy międzynarodowe _zEuropa _ystan na 2001 r. |
|
| 650 | 9 |
_aOrzecznictwo cywilne _zEuropa _yod 1989 r. |
|
| 650 | 9 |
_aOrzecznictwo gospodarcze _zEuropa _yod 1989 r. |
|
| 830 | _aKrótkie Komentarze Becka | ||
| 020 | _a8372471568 | ||
| 040 | _cBPK | ||
| 041 | 0 | _apl | |
| 080 | _a341:346:347](4)"1989/..." | ||
| 920 | _a83-7247-156-8 | ||
| 942 | _cKS | ||
| 008 | s pl f |000 0 pol | ||
| 999 |
_c40341 _d40341 |
||
| 856 |
_uhttp://koha.tu.koszalin.pl/cgi-bin/koha/opac-detail.pl?biblionumber=40341 _yKatalog online BPK |
||